Top Comic Strips by Decade - Statistics

General Stats
  • This quiz has been taken 38 times
  • The average score is 6 of 11
Answer Stats
Decade Hint Answer % Correct
1960s Charles Schultz Peanuts
97%
Bill Watterson Calvin and Hobbes
72%
1950s Hank Ketcham Dennis the Menace
72%
1970s Gary Trudeau Doonesbury
69%
1990s (2 answers) Gary Larson Far Side
69%
2000s Scott Adams Dilbert
56%
1980s Berke Breathed Bloom County
34%
2010s Stephan Pastis Pearls Before Swine
31%
1930s E C Segar Popeye
31%
1940s Harold Gray Little Orphan Annie
28%
1920s Rudolph Dirks / H H Kerr The Katzenjammer Kids
19%
No matching quizzes found
Score Distribution
Percent of People with Each Score
Percentile by Number Answered
Your Score History
You have not taken this quiz